Verejná správa v štátoch Európskej únie

Pojmy verejná správa, štátna správa, samospráva, územná samospráva, verejná vláda. Európska únia ako nadnárodná vládna autorita. Verejná správa národných ekonomík členských štátov Európskej únie - federatívne štáty, unitárne štáty s vysokou mierou decentralizácie, unitárne štáty so strednou mierou d...

Description complète

Enregistré dans:
Détails bibliographiques
Auteur principal: Neubauerová, Erika, 1968-
Autres auteurs: Beličková, Kornélia, 1966-, Zubaľová, Alena, 1959-
Format: Chapitre de livre
Langue:slovaque
Sujets:
Tags: Ajouter un tag
Pas de tags, Soyez le premier à ajouter un tag!

MARC

LEADER 00000naa$a2200000$$$4500
001 0002191
005 20260206093535.2
041 0 |a slo 
044 |a SK 
245 1 0 |a Verejná správa v štátoch Európskej únie  |c aut. Erika Neubauerová, Kornélia Beličková, Alena Zubaľová 
520 |a Pojmy verejná správa, štátna správa, samospráva, územná samospráva, verejná vláda. Európska únia ako nadnárodná vládna autorita. Verejná správa národných ekonomík členských štátov Európskej únie - federatívne štáty, unitárne štáty s vysokou mierou decentralizácie, unitárne štáty so strednou mierou decentralizácie, unitárne štáty so systémom centralizovanej kontroly, "regionalizované" štáty. Decentralizácia verejnej správy na Slovensku. 
610 2 0 |a správa verejná 
610 2 0 |a Európska únia 
610 2 0 |a správa štátna 
610 2 0 |a vláda 
610 2 0 |a federácia 
610 2 0 |a decentralizácia 
610 2 0 |a centralizácia 
610 2 0 |a štát 
610 2 0 |a pojmy 
100 1 |a Neubauerová, Erika, 1968- 
700 1 |a Beličková, Kornélia, 1966- 
700 1 |a Zubaľová, Alena, 1959-